[Event "Kurnosov Memorial Rapid 2020"]
[Site "Chelyabinsk"]
[Date "2020.09.06"]
[Round "10.10"]
[White "Esipenko, Andrey"]
[Black "Aleksandrov, Aleksej"]
[Result "1/2-1/2"]
[WhiteElo "2682"]
[BlackElo "2608"]
[Annotator "TA"]
[PlyCount "166"]
[EventDate "2020.09.04"]
[EventType "swiss"]
[EventCountry "RUS"]
[SourceTitle "playchess.com"]
[Source "ChessBase"]
[SourceQuality "1"]

{[%evp 25,166,8,18,16,22,7,23,22,22,17,18,25,25,20,30,35,31,31,32,22,29,24,65,49,58,49,43,29,49,44,45,37,38,37,70,36,49,33,49,49,49,17,49,49,74,49,64,53,64,60,57,44,29,19,58,54,74,67,68,68,85,20,20,0,14,0,26,20,20,20,58,58,58,58,58,82,59,0,0,0,0,0,0,0,8,0,28,8,8,8,8,8,21,0,116,116,116,116,116,116,116,116,116,116,116,116,116,116,116,116,116,116,116,116,116,116,116,116,116,116,116,116,116,116,116,0,116,0,116,116,116,8,8,8,8,8,8,8,8,8,8,8,8]} 1. d4 d5 2. c4 e6 3. Nc3 Nf6 4. cxd5 exd5 5. Bg5 c6 6. e3 h6 7. Bh4 Be7 8. Bd3 O-O 9. Qc2 Re8 10. Nf3 Nbd7 11. O-O Ne4 12. Bxe7 Qxe7 13. b4 a6 14. a4 {[%cal Ba2a4,Ba4b5][%mdl 32] D36: Queen's Gambit Declined: Exchange Variation: Main line (5 Bg5 c6 6 Qc2).} Ndf6 15. b5 (15. Ne5 {is interesting.} Nxc3 16. Qxc3 Ne4 17. Bxe4 dxe4 18. Nc4) 15... axb5 16. axb5 {White has an edge.} Rxa1 17. Rxa1 c5 18. dxc5 Nxc5 {[#]} 19. Bf1 $146 ({Predecessor:} 19. Be2 b6 20. Nd4 Nce4 21. Bf3 Bd7 22. Nce2 Rc8 23. Qb2 Nc5 24. Nf4 Nce4 25. h3 {0-1 (64) Sakai,A (1731)-Qin,N (1629) chess.com INT 2020}) 19... Be6 20. Nd4 Rc8 21. Qb2 Nfe4 22. Rc1 Nxc3 23. Rxc3 Bd7 24. h3 Qd6 25. Be2 Ra8 26. Rc1 Na4 27. Qd2 Nb6 28. Bd3 g6 29. Bf1 Rd8 30. Rc2 h5 31. Qc1 Rc8 32. Rxc8+ Bxc8 33. Be2 Bd7 34. Qc3 Be8 35. Nf3 Bd7 36. Qd4 Be6 37. Ng5 Nd7 38. Qa7 b6 39. Nf3 Qb8 40. Qa3 Nc5 41. Nd4 Qb7 42. Bf3 Qb8 43. Nxe6 (43. Nc6 $16 Qd6 44. Qa1) 43... fxe6 $11 44. h4 Kf7 45. g3 Kg7 46. Qa1+ Kf7 47. Qd4 Qd6 48. e4 {[%cal Re4d5]} e5 $1 {[%cal Re5d4]} 49. Qxd5+ Qxd5 50. exd5 $14 {[%mdl 4096] Endgame KB-KN} Ke7 51. Bd1 (51. Be2 $1 $14) 51... Kd6 $11 52. Bc2 e4 53. f3 Kxd5 54. Kf2 {[#] Hoping for Ke3.} Kd4 {aiming for ...Nd3+.} 55. fxe4 Ke5 (55... Kc3 $5 {[%cal Rc3c2]} 56. Bd1 Kd2 $11) 56. Ke3 Nb7 $1 57. Bb1 Nd6 58. Bd3 Nf7 59. Kf3 Kf6 (59... g5 $11) 60. Kf4 $16 Ne5 61. Be2 Nd7 62. Bc4 Ne5 63. Bf1 Nf7 64. Be2 Ne5 65. Ke3 Ke6 66. Bd1 Nc4+ 67. Kd4 Ne5 68. Bb3+ Kd6 69. Bd5 Ng4 70. Bc4 Ne5 71. Bf1 Nf7 72. Bh3 Ne5 73. Ke3 Ke7 74. Kf4 Kf6 75. Bf1 (75. Bg2 $16) 75... Ng4 (75... Nf7 $1 $11 {keeps the balance.}) 76. Bc4 Ne5 77. Ba2 Ng4 78. e5+ ({White should try} 78. Bb3 $16) 78... Nxe5 $11 {The position is equal.} 79. Ke4 Nd7 80. Kd5 {[#] Strongly threatening Kc6.} Nc5 $1 81. Bb1 g5 82. Bc2 gxh4 83. gxh4 Ne6 {Accuracy: White = 86%, Black = 83%.} 1/2-1/2

[Event "Kurnosov Memorial Rapid 2020"]
[Site "Chelyabinsk"]
[Date "2020.09.06"]
[Round "10.11"]
[White "Iljiushenok, Ilia"]
[Black "Shimanov, Aleksandr"]
[Result "1-0"]
[WhiteElo "2516"]
[BlackElo "2593"]
[Annotator "TA"]
[PlyCount "117"]
[EventDate "2020.09.04"]
[EventType "swiss"]
[EventCountry "RUS"]
[SourceTitle "playchess.com"]
[Source "ChessBase"]
[SourceQuality "1"]

{[%evp 9,117,22,25,10,12,8,20,-9,0,-1,30,34,34,40,35,39,41,25,43,44,43,52,46,32,45,41,40,50,71,59,70,42,75,57,170,163,183,182,168,170,226,232,265,263,274,190,231,201,210,202,267,253,239,231,446,425,528,531,531,498,502,516,519,498,500,494,670,647,756,732,898,891,881,873,868,769,878,833,1140,1114,1070,1060,1345,1218,1546,1425,956,922,29981,29979,29982,29983,29983,29984,29984,29985,29993,29993,29993,29994,29994,29993,29993,29991,29992,29993,29993,29994,29994,29995]} 1. e4 e5 2. Nf3 Nc6 3. Bb5 Nf6 4. d3 Bc5 5. Bxc6 dxc6 6. Nbd2 {C65: Ruy Lopez: Berlin Defence (3...Nf6), unusual lines and 4 0-0 Bc5.} O-O {6...Nd7 is more fashionable. Played by Magnus Carlsen in August 2020.} 7. Nc4 Nd7 8. Ne3 {The position is equal.} (8. O-O {is interesting.} f6 9. c3 Nb6 10. Be3 Bd6 11. Ncd2) 8... Re8 9. g4 Bxe3 10. Bxe3 Nf8 11. Rg1 {[#]} Qe7 $146 ({Predecessor:} 11... Qd6 12. Qd2 a5 13. Nh4 Ne6 14. Nf5 Qb4 15. c3 Qb5 16. O-O-O c5 17. f4 exf4 18. Bxf4 {½-½ (55) Sunilduth Lyna,N (2611)-Anton Guijarro,D (2674) Khanty-Mansiysk 2019}) 12. Qd2 c5 13. O-O-O b6 14. h4 c4 15. dxc4 Bb7 16. Qe1 Qf6 17. Rg3 Bxe4 18. Bg5 Qxf3 19. Rxf3 Bxf3 20. Rd2 Ne6 21. Qg1 f6 {White now steadily converts the win.} (21... Nd4 $1 $14) 22. Be3 $18 Rad8 23. Qg3 $36 {[%mdl 2048] White is on the roll.} Rxd2 24. Kxd2 ({Reject} 24. Bxd2 $6 Nd4 $14) 24... Rd8+ (24... e4 {was necessary.} 25. g5 Kf7) 25. Kc3 Be4 26. g5 Kf7 27. h5 Rg8 28. f4 exf4 29. Bxf4 fxg5 30. Bxg5 Re8 31. h6 Nxg5 $2 (31... g6 32. Bh4 Bf5) 32. Qxg5 gxh6 {[%mdl 4096] Endgame KQ-KRB} 33. Qf4+ Kg6 34. Qxc7 h5 35. Qxa7 Re6 36. Qd7 Bf5 {[#] White must now prevent ...Re3+.} 37. Qd8 Be4 38. b4 Kf5 39. a4 Kg4 40. Qd1+ Kg5 41. Qg1+ Kf4 42. Qf2+ Kg4 43. Qe2+ Kg5 44. c5 bxc5 45. b5 h4 46. a5 h3 47. a6 Kf4 48. a7 Kg3 49. Qe3+ {White mates.} Kg2 50. a8=Q Bxa8 51. Qxe6 Bf3 52. Qg8+ {[%mdl 64] Double Attack} Kh1 {[#]} 53. Qg3 $1 Bg2 54. Qe1+ Kh2 55. b6 Ba8 56. Qe8 Bg2 57. Qe5+ Kg1 58. Qe1+ Kh2 59. Kd2 {Accuracy: White = 91%, Black = 51%.} 1-0

[Event "Kurnosov Memorial Rapid 2020"]
[Site "Chelyabinsk"]
[Date "2020.09.06"]
[Round "10.12"]
[White "Bocharov, Dmitry"]
[Black "Belyakov, Bogdan"]
[Result "1/2-1/2"]
[WhiteElo "2524"]
[BlackElo "2481"]
[Annotator "TA"]
[PlyCount "108"]
[EventDate "2020.09.04"]
[EventType "swiss"]
[EventCountry "RUS"]
[SourceTitle "playchess.com"]
[Source "ChessBase"]
[SourceQuality "1"]

{[%evp 24,108,35,37,58,22,46,8,49,38,43,39,39,34,64,37,52,51,45,22,73,56,71,60,64,77,85,0,71,72,93,58,68,70,64,42,63,-72,-62,-71,-74,-94,-49,-76,-69,-105,-83,-90,-58,-60,-56,-59,-49,-79,-83,-108,-94,-98,-84,-117,0,-88,0,-108,0,-133,-130,-171,-128,-135,-110,-110,0,0,0,0,0,0,0,0,0,0,0,0,0,0,0]} 1. Nf3 Nf6 2. c4 g6 3. d4 Bg7 4. g3 O-O 5. Bg2 d6 6. O-O Nc6 7. Nc3 e5 8. dxe5 Nxe5 9. b3 Ned7 10. Bb2 Re8 11. Qc2 Nc5 {[#]} 12. Rad1 $146 ({Predecessor:} 12. Nd4 Ne6 13. Nxe6 Rxe6 14. Rad1 Qf8 15. e4 Re8 16. Rfe1 Bg4 17. Rd2 Rad8 18. h3 Bd7 19. Kh2 a6 20. a4 {½-½ (39) Ragozin,V-Chekhover,V Leningrad 1936}) 12... a5 13. Nd4 Bd7 {E67: King's Indian: Fianchetto: 6...Nbd7.} 14. a3 Qc8 15. Rfe1 Bg4 16. b4 axb4 17. axb4 Na6 18. Qb3 Rb8 19. Nd5 Nxd5 20. cxd5 Bh3 21. Bh1 Ra8 (21... Nxb4 $11 22. Qxb4 c5 23. dxc6 bxc6) 22. Bc3 $16 Qd7 23. Nf3 Bxc3 24. Qxc3 Qb5 25. Qf6 ({White should try} 25. Rb1 $16) 25... Qd7 (25... Rxe2 $11 26. Ng5 {[%mdl 64] Double Attack} Rxe1+ 27. Rxe1 Qd7) 26. Rd4 Bg4 27. Ng5 {[#] Hoping for Rxg4!} (27. Qf4 {is interesting.} Bxf3 28. Bxf3 Nb8 29. Rc1 b5 30. Qh6) 27... Qf5 $1 {[%cal Rf5f6]} 28. Qxf5 Bxf5 29. Bg2 Kg7 30. Nf3 {[#]} (30. Ra1 $14 {stays ahead.}) 30... Re4 $1 $17 31. b5 Nc5 32. e3 Re7 33. Red1 b6 34. Rb4 Ra2 35. Nd4 Bd7 36. Rbb1 Re8 37. Ra1 Rea8 38. Rab1 R8a3 39. h3 h5 40. Rdc1 Kf6 41. Rd1 Kg7 42. Rdc1 $1 Kf6 43. Rd1 $1 Kg7 (43... Nd3 $17) 44. Rbc1 (44. Rdc1 $1 $11 {remains equal.}) 44... Rb2 45. Rc2 Raa2 46. Rxb2 Rxb2 47. Ra1 Nb3 (47... Bxb5 $17 {...Ba4 is the strong threat.} 48. Ra7 Rb1+ 49. Kh2 Bd7 50. Rxc7 b5) 48. Nxb3 $11 {The position is equal.} Rxb3 {[%mdl 4096] Endgame KRB-KRB} 49. Rc1 Bxb5 50. Rxc7 Rb1+ 51. Kh2 Rb2 52. Kg1 Rb1+ 53. Kh2 Rb2 54. Kg1 Rb1+ {Accuracy: White = 62%, Black = 75%.} 1/2-1/2

[Event "Kurnosov Memorial Rapid 2020"]
[Site "Chelyabinsk"]
[Date "2020.09.06"]
[Round "11.1"]
[White "Artemiev, Vladislav"]
[Black "Demidov, Mikhail"]
[Result "1/2-1/2"]
[WhiteElo "2716"]
[BlackElo "2519"]
[Annotator "TA"]
[PlyCount "113"]
[EventDate "2020.09.04"]
[EventType "swiss"]
[EventCountry "RUS"]
[SourceTitle "playchess.com"]
[Source "ChessBase"]
[SourceQuality "1"]

{[%evp 9,113,16,14,10,16,0,11,13,4,7,24,16,31,-32,-34,-29,-32,-37,-26,-35,0,0,-2,-15,-19,-18,-37,-33,-17,-65,-15,-18,-7,-18,-7,-14,-14,-7,-7,-13,0,-15,-2,-19,0,-25,-21,-14,-14,-66,-64,-64,0,0,0,0,0,0,0,0,85,85,85,89,89,89,89,89,96,96,96,96,96,96,96,85,96,73,80,80,80,80,80,8,80,80,80,80,80,0,0,0,0,0,0,0,0,0,0,0,0,0,0,0,0,0]} 1. c4 e5 2. d3 Nc6 3. g3 Bc5 4. Nc3 d6 5. Bg2 a6 6. Nf3 {A20: English Opening: 1...e5.} Nge7 {6...Nf6 is the fancy move.} 7. a3 O-O 8. b4 Ba7 9. O-O h6 10. e3 Be6 11. b5 (11. Bb2 $14) 11... axb5 $15 12. cxb5 Na5 13. Rb1 {[#]} c6 $146 ({Predecessor:} 13... f5 14. Bd2 g5 15. Na4 Bb8 16. Nc3 c5 17. bxc6 bxc6 18. e4 f4 19. gxf4 gxf4 {0-1 (37) Poropat,M (2088)-Kovacevic,B (2452) Dubrovnik 2008}) 14. a4 Bb6 15. bxc6 bxc6 16. Qc2 Bc7 17. d4 e4 18. Nd2 f5 19. Rd1 Qd7 20. Ba3 Ra7 21. Bf1 Rfa8 22. Bb4 Kh8 23. Rdc1 Bd8 24. Qb2 Nd5 25. Nxd5 Bxd5 26. Qc2 Nb7 27. Bc4 Rxa4 28. Bxd5 cxd5 29. Qc6 (29. Qb3 $11) 29... Qxc6 30. Rxc6 Ra1 (30... R4a6 $1 $15 31. Rxa6 Rxa6) 31. Rxa1 $11 Rxa1+ 32. Kg2 Ra2 33. Rc8 Kh7 34. Rb8 Na5 (34... Rb2 $11 {keeps the balance.} 35. Rxb7 Ba5) 35. Ra8 $16 {Bxa5 is the strong threat.} ({Much worse is} 35. Rxd8 Nc6 $15) 35... Rb2 36. Bxa5 Bxa5 37. Rxa5 {[#] aiming for Nf1.} Rxd2 38. Rxd5 {[%mdl 4096] Endgame KR-KR} g6 39. Rxd6 Kg7 40. Re6 Kf7 41. Re5 h5 42. h3 Kf6 43. g4 hxg4 44. hxg4 Rd1 45. Rc5 Kg5 46. Rc6 (46. gxf5 $16 gxf5 47. Rb5) 46... Ra1 (46... f4 $1 $11) 47. gxf5 gxf5 48. Re6 Rd1 49. f3 ({White should play} 49. Re8 $16) 49... Rd2+ $11 {The position is equal.} 50. Kg3 Re2 51. fxe4 Rxe3+ {[%mdl 64] [#] Double Attack} 52. Kf2 Rxe4 53. Rxe4 fxe4 54. Ke3 Kf5 55. d5 Ke5 56. d6 Kxd6 57. Kxe4 {Accuracy: White = 86%, Black = 86%.} 1/2-1/2

[Event "Kurnosov Memorial Rapid 2020"]
[Site "Chelyabinsk"]
[Date "2020.09.06"]
[Round "11.2"]
[White "Faizrakhmanov, Ramil"]
[Black "Rakhmanov, Aleksandr"]
[Result "0-1"]
[WhiteElo "2451"]
[BlackElo "2645"]
[Annotator "RC"]
[PlyCount "104"]
[EventDate "2020.09.04"]
[EventType "swiss"]
[EventCountry "RUS"]
[SourceTitle "playchess.com"]
[Source "ChessBase"]
[SourceQuality "1"]
[TimeControl "900+10"]

1. d4 {[%emt 0:00:00]} Nf6 {[%emt 0:00:00]} 2. c4 {[%emt 0:00:00]} d6 {[%emt 0:00:00]} 3. Nf3 {[%emt 0:00:00]} g6 {[%emt 0:00:00]} 4. Nc3 {[%emt 0:00:03]} Bf5 {[%emt 0:00:00]} 5. e3 {[%emt 0:00:03]} Bg7 {[%emt 0:00:07]} 6. Bd3 {[%emt 0:00:03]} Bxd3 {[%emt 0:00:05]} 7. Qxd3 {[%emt 0:00:01]} O-O {[%emt 0:00:03]} 8. O-O {[%emt 0:00:03]} Nbd7 {[%emt 0:00:02]} 9. b3 {[%emt 0:00:54]} e5 {[%emt 0:00:05]} 10. Bb2 {[%emt 0:00:07]} Re8 {[%emt 0:00:26]} 11. dxe5 {[%emt 0:00:59]} dxe5 {[%emt 0:00:13]} 12. Rfd1 {[%emt 0:01:00]} c6 {[%emt 0:02:14]} 13. Ne4 {[%emt 0:01:22]} Nxe4 {[%emt 0:02:17]} 14. Qxe4 {[%emt 0:00:05]} Qe7 {[%emt 0:01:08]} 15. Rd2 {[%emt 0:00:31]} Nc5 {[%emt 0:00:29]} 16. Qc2 {[%emt 0:00:10]} e4 {[%emt 0:00:51]} 17. Ne1 {[%emt 0:00:35]} Bxb2 {[%emt 0:00:34]} 18. Qxb2 {[%emt 0:00:02]} a5 {[%emt 0:00:26]} 19. Rad1 {[%emt 0:01:03]} Qe5 {[%emt 0:00:10]} 20. Qxe5 {[%emt 0:01:56]} Rxe5 {[%emt 0:00:02]} 21. h4 {[%emt 0:00:29]} Kf8 {[%emt 0:00:16]} 22. Kf1 {[%emt 0:00:12]} Ke8 {[%emt 0:00:26]} 23. Ke2 {[%emt 0:00:21]} h6 {[%emt 0:00:17]} 24. g3 {[%emt 0:00:45]} Rc8 {[%emt 0:01:26]} 25. Ng2 {[%emt 0:01:19]} g5 {[%emt 0:02:41]} 26. Rd6 {[%emt 0:01:08]} Re6 {[%emt 0:00:36]} 27. R6d4 {[%emt 0:00:47]} Re5 {[%emt 0:00:32]} 28. Rd6 {[%emt 0:00:08]} Ne6 {[%emt 0:00:02]} 29. R6d2 {[%emt 0:02:41]} Rd8 {[%emt 0:00:39]} 30. Rxd8+ {[%emt 0:00:20]} Nxd8 {[%emt 0:00:02]} 31. hxg5 {[%emt 0:00:19]} hxg5 {[%emt 0:00:02]} 32. g4 {[%emt 0:00:26]} Ne6 {[%emt 0:00:24]} 33. Ne1 {[%emt 0:00:29]} Rc5 {[%emt 0:00:36]} 34. Rd2 {[%emt 0:01:07]} f5 {[%emt 0:01:38]} 35. gxf5 {[%emt 0:00:12]} Rxf5 {[%emt 0:00:02]} 36. Nc2 {[%emt 0:00:32]} Nc5 {[%emt 0:00:05]} 37. Nd4 {[%emt 0:00:05]} Rf6 {[%emt 0:00:12]} 38. Rd1 {[%emt 0:00:01]} g4 {[%emt 0:00:33]} 39. Nc2 {[%emt 0:00:49]} Nd3 {[%emt 0:00:14]} 40. Rf1 {[%emt 0:00:02]} Rh6 {[%emt 0:00:30]} 41. Nd4 {[%emt 0:00:20]} Rf6 {[%emt 0:00:20]} 42. Nc2 {[%emt 0:00:02]} Kf7 {[%emt 0:00:15]} 43. a3 {[%emt 0:00:13]} c5 {[%emt 0:00:22]} 44. Ne1 {[%emt 0:00:17]} Nc1+ {[%emt 0:00:19]} 45. Kd2 {[%emt 0:00:05]} Nxb3+ {[%emt 0:00:02]} 46. Kc2 {[%emt 0:00:14]} a4 {[%emt 0:00:11]} 47. Ng2 {[%emt 0:00:03]} Na5 {[%emt 0:00:42]} 48. Kc3 {[%emt 0:00:06]} Rb6 {[%emt 0:00:01]} 49. Nf4 {[%emt 0:00:26]} Rb3+ {[%emt 0:00:01]} 50. Kc2 {[%emt 0:00:01]} Nxc4 {[%emt 0:00:02]} 51. Nd5 {[%emt 0:00:13]} Nxa3+ {[%emt 0:00:05]} 52. Kd2 {[%emt 0:00:02]} Rb2+ {[%emt 0:00:02]} 0-1

[Event "Kurnosov Memorial Rapid 2020"]
[Site "Chelyabinsk"]
[Date "2020.09.06"]
[Round "11.4"]
[White "Demchenko, Anton"]
[Black "Sarana, Alexey"]
[Result "1/2-1/2"]
[WhiteElo "2641"]
[BlackElo "2654"]
[Annotator "TA"]
[PlyCount "25"]
[EventDate "2020.09.04"]
[EventType "swiss"]
[EventCountry "RUS"]
[SourceTitle "playchess.com"]
[Source "ChessBase"]
[SourceQuality "1"]

{[%evp 13,25,0,10,15,10,0,24,23,25,24,22,16,14,16]} 1. e4 c5 2. Nf3 d6 3. Bb5+ Nd7 4. d4 cxd4 5. Qxd4 a6 6. Bxd7+ Bxd7 7. Nc3 e5 8. Qd3 {B51: Sicilian: Moscow Variation (3 Bb5+) without 3...Bd7.} Rc8 9. O-O h6 10. Nd2 {10.Rd1 is a critical line. Played by Ian Nepomniachtchi in August 2020.} Be6 11. Rd1 Nf6 12. Nf1 {[#]} Rc4 $146 ({Predecessor:} 12... Bc4 13. Qf3 Bxf1 14. Kxf1 Be7 15. Qd3 Rc6 16. Be3 Qc8 17. Rac1 O-O 18. Rd2 b5 {½-½ (30) Ni,H (2674)-Fedoseev,V (2702) China 2019}) 13. Qe2 {An uneventful encounter.} 1/2-1/2

[Event "Kurnosov Memorial Rapid 2020"]
[Site "Chelyabinsk"]
[Date "2020.09.06"]
[Round "11.5"]
[White "Lysyj, Igor"]
[Black "Iljiushenok, Ilia"]
[Result "1/2-1/2"]
[WhiteElo "2594"]
[BlackElo "2516"]
[Annotator "TA"]
[PlyCount "34"]
[EventDate "2020.09.04"]
[EventType "swiss"]
[EventCountry "RUS"]
[SourceTitle "playchess.com"]
[Source "ChessBase"]
[SourceQuality "1"]

{[%evp 16,17,66,36]} 1. d4 Nf6 2. c4 g6 3. Nc3 Bg7 4. e4 d6 5. Nf3 O-O 6. Be2 e5 7. O-O Nc6 8. d5 Ne7 9. Bg5 {[#]} {Predecessor:} Nh5 $146 {E97: King's Indian: Classical Main Line (6...e5 7 0-0 Nc6): 8 Be3 and 8 d5 Ne7, not 9 Ne1.} 10. g3 f5 11. exf5 Bxf5 12. Nh4 Bh3 13. Bxh5 gxh5 14. Qxh5 Bxf1 15. Rxf1 Qe8 16. Qg4 Kh8 17. Nb5 Nxd5 {1-0 (61) Gelfand,B (2684)-Adhiban,B (2654) Moscow 2019} 1/2-1/2

[Event "Kurnosov Memorial Rapid 2020"]
[Site "Chelyabinsk"]
[Date "2020.09.06"]
[Round "11.6"]
[White "Sjugirov, Sanan"]
[Black "Zvjaginsev, Vadim"]
[Result "1/2-1/2"]
[WhiteElo "2675"]
[BlackElo "2617"]
[Annotator "TA"]
[PlyCount "47"]
[EventDate "2020.09.04"]
[EventType "swiss"]
[EventCountry "RUS"]
[SourceTitle "playchess.com"]
[Source "ChessBase"]
[SourceQuality "1"]

{[%evp 21,47,24,30,42,43,34,52,46,58,33,32,34,36,37,41,33,50,48,48,10,13,17,17,20,26,8,18,17]} 1. c4 Nf6 2. g3 c5 3. Bg2 Nc6 4. Nf3 d5 5. cxd5 Nxd5 6. Nc3 e6 7. d4 cxd4 8. Nxd4 Nxc3 9. bxc3 Nxd4 10. Qxd4 Qxd4 11. cxd4 Bb4+ 12. Bd2 {D41: Queen's Gambit Declined: Semi-Tarrasch with 5 cxd5.} Bxd2+ 13. Kxd2 Kd8 {is the legacy move (13...Rb8).} 14. a4 {White is slightly better.} Re8 {[#]} 15. f4 $146 ({Predecessor:} 15. a5 Rb8 16. Rhb1 Re7 17. Rb2 b5 18. axb6 axb6 19. Rab1 Rd7 20. Rb4 Rd6 21. e4 {½-½ (27) Chernin,A (2600)-Farago,I (2510) Hungary 1992}) 15... Rb8 16. a5 Re7 17. Rhb1 Rc7 18. Be4 h6 19. g4 Bd7 20. g5 hxg5 21. fxg5 Bc6 22. Bxc6 Rxc6 23. Rb3 Ke7 24. h4 {Accuracy: White = 81%, Black = 100%.} 1/2-1/2

[Event "Kurnosov Memorial Rapid 2020"]
[Site "Chelyabinsk"]
[Date "2020.09.06"]
[Round "11.7"]
[White "Aleksandrov, Aleksej"]
[Black "Ponkratov, Pavel"]
[Result "1-0"]
[WhiteElo "2608"]
[BlackElo "2631"]
[Annotator "TA"]
[PlyCount "54"]
[EventDate "2020.09.04"]
[EventType "swiss"]
[EventCountry "RUS"]
[SourceTitle "playchess.com"]
[Source "ChessBase"]
[SourceQuality "1"]

{[%evp 9,54,3,4,0,17,0,0,0,6,0,0,0,0,0,20,-2,0,0,0,0,0,0,0,0,0,-8,0,0,0,0,0,0,37,27,18,-18,-11,-10,27,27,33,22,35,58,112,107,103]} 1. Nf3 c5 2. e3 g6 3. d4 Bg7 4. dxc5 Qc7 5. Nbd2 Qxc5 6. c4 {A40: Unusual replies to 1 d4.} Qc7 7. Rb1 {[#]} Nc6 $146 ({Predecessor:} 7... a5 8. b3 d6 9. Bb2 Nf6 10. Nd4 Bd7 11. Be2 O-O 12. O-O Na6 13. a3 Rfc8 {0-1 (34) Drexel,M (2279)-Hennig,D (2376) Bayern 2010}) 8. b3 {The position is equal.} Nf6 9. Bb2 O-O 10. Rc1 Rd8 11. a3 a5 12. h3 e5 13. c5 d5 14. cxd6 $1 Qxd6 15. Bc4 Bf5 16. O-O e4 17. Ng5 Qxd2 18. Nxf7 Kf8 $1 ({Of course not} 18... Qxb2 $6 19. Nxd8+ Kh8 20. Nf7+ Kg8 21. g4 $18) 19. Nxd8 Rxd8 20. Bc3 Qa2 21. Qe1 $36 {[%mdl 2048] Strongly threatening g4. White has good play.} Qxa3 22. Ra1 {[%cal Bc1a1,Ba1a5,Ba5b5][%mdl 32]} Qe7 23. Rxa5 Nd7 24. Rb5 Nde5 25. Qa1 h5 26. Bd5 Re8 (26... Rd7 $1 $14) 27. Bxc6 Nxc6 {Accuracy: White = 95%, Black = 85%.} 1-0

[Event "Kurnosov Memorial Rapid 2020"]
[Site "Chelyabinsk"]
[Date "2020.09.06"]
[Round "11.8"]
[White "Khanin, Semen"]
[Black "Esipenko, Andrey"]
[Result "0-1"]
[WhiteElo "2482"]
[BlackElo "2682"]
[Annotator "TA"]
[PlyCount "164"]
[EventDate "2020.09.04"]
[EventType "swiss"]
[EventCountry "RUS"]
[SourceTitle "playchess.com"]
[Source "ChessBase"]
[SourceQuality "1"]

{[%evp 16,164,3,11,18,14,20,18,18,12,22,21,27,24,22,20,17,0,13,14,6,6,10,-15,-24,-22,-20,-34,0,0,0,0,0,0,18,0,0,0,0,0,37,60,110,4,27,0,48,17,32,0,24,0,61,0,22,15,14,23,16,0,35,17,15,9,86,95,84,44,50,22,21,16,15,15,131,150,147,165,160,146,128,150,82,91,96,79,89,0,0,0,0,0,0,0,0,0,0,0,0,-523,-523,-498,-516,-468,-501,-488,0,-5995,-6050,-5631,-5631,-5377,-5385,-1769,-922,-6270,-5957,-29980,-29980,-29981,-29982,-29982,-29983,-29983,-29984,-29985,-29986,-29986,-29987,-29987,-29988,-29988,-29986,-29986,-29987,-29987,-29988,-29988,-29988,-29988,-29989,-29989,-29990,-29990,-29989,-29989,-29990,-29990,-29989,-29989,-29990]} 1. e4 e5 2. Nf3 Nc6 3. Bb5 a6 4. Ba4 Nf6 5. O-O Be7 6. d3 b5 7. Bb3 d6 8. a3 O-O 9. Nc3 Na5 $1 {[%mdl 4] is now more promising than 9...Bg4. C77: Ruy Lopez: 3...a6 4 Ba4 Nf6, unusual lines.} 10. Ba2 Be6 11. b4 Bxa2 {The position is equal.} 12. Rxa2 Nc6 13. Bg5 Ng4 14. Bd2 Nf6 15. Re1 Qd7 16. Nd5 Nxd5 17. exd5 Na7 {[#]} 18. c4 $146 ({Predecessor:} 18. a4 c6 19. axb5 axb5 20. Qa1 cxd5 21. Be3 d4 22. Nxd4 exd4 23. Bxd4 Bf6 24. Bxf6 gxf6 {½-½ (44) Firouzja,A (2726)-Ragger,M (2670) Prague 2020}) 18... c6 19. Qb3 cxd5 20. cxd5 Nc8 21. Rc2 Bd8 (21... Bf6 $15) 22. d4 $11 exd4 23. Nxd4 Nb6 24. Qf3 Bf6 25. Nf5 Rfe8 26. Rxe8+ Rxe8 27. Ne3 Rc8 28. Rc6 Qd8 29. Qe4 (29. Ng4 $16 Bg5 30. Be3) 29... h5 30. h3 g6 31. g4 {Threatens to win with gxh5.} h4 32. Qc2 Bd4 33. Qe4 Bg7 (33... Bf6 $11) 34. Qc2 Bd4 35. Qd3 Be5 $1 36. Bc3 {Threatening Bxe5.} Nd7 37. Bd2 Ra8 38. Qe4 Nf6 39. Qc2 Bd4 (39... Bf4 $11) 40. Qd3 $16 Be5 41. g5 Nh5 $1 {[%cal Rh5f4]} 42. Ng4 Nf4 43. Bxf4 Bxf4 44. Nf6+ Kf8 (44... Kg7 $1 $11 {remains equal.}) 45. Qd4 $36 {[%mdl 2048] White is really pushing.} Bxg5 46. Ne4 Kg8 47. Rxd6 Qe7 48. Rc6 $1 {Strongly threatening d6.} Re8 49. f3 Rd8 50. d6 Qe6 {[#]} 51. Rc5 ({But not} 51. Nxg5 $6 Qe1+ 52. Kg2 Qg3+ 53. Kf1 Qxg5 $11) ({White should play} 51. Kf2 $1 $16 Qxh3 52. Qe5) 51... Bh6 $11 52. Kg2 Qa2+ 53. Kf1 Bg7 54. Qd5 Qb1+ 55. Kg2 {aiming for Qg5.} Qb2+ {[%mdl 64] Double Attack} 56. Kf1 $1 {And now Qg5 would win.} Qxa3 57. Rc7 $2 {[%mdl 8192]} (57. Ng5 $11 Qa1+ 58. Kg2 Qb2+ 59. Kf1 Qa1+ 60. Ke2 Qb2+ 61. Kf1 Qb1+ 62. Kg2) 57... Qxf3+ $19 {[%mdl 64] Double Attack} 58. Ke1 Re8 59. Re7 {[#]} Rc8 $1 {[%cal Rc8c1] ( -> ...Rc1+)} 60. Rc7 Rxc7 $2 ({Black should try} 60... Qe3+ $19 61. Kd1 Qg1+ 62. Kc2 Rxc7+ 63. dxc7 Qh2+ 64. Kd1 Qxc7 65. Qa8+ Kh7 66. Ng5+ Kh6) 61. dxc7 $4 {[%mdl 8192]} (61. Qa8+ $11 Rc8 62. Qxc8+ Bf8 63. Nf2) 61... Bc3+ 62. Nxc3 Qxc3+ {[%mdl 4160] Endgame Double Attack. KQ-KQ} 63. Kd1 Qxc7 64. Qa8+ Kh7 65. Qxa6 Qd7+ 66. Kc2 Qxh3 {Black mates.} 67. Qxb5 Qg2+ 68. Kb3 h3 69. Qc4 Qf3+ 70. Ka4 h2 71. Qh4+ Qh5 72. Qf6 Qd1+ 73. Ka3 h1=Q 74. Qxf7+ Kh6 75. Qf4+ Kh5 76. Qe5+ g5 77. Qe8+ Kh4 78. Qh8+ Kg4 79. Qc8+ Kg3 80. Qc7+ Kf2 81. Qc5+ Ke1 82. Qe5+ Kf1 {Never resign too early! Accuracy: White = 71%, Black = 80%.} 0-1